| 000 | 00897nam a22002297a 4500 | ||
|---|---|---|---|
| 005 | 20240530110609.0 | ||
| 008 | 160714s2014 ua ca f 000 0 ara d | ||
| 017 |
_a2013/17203 _bمصر . دار الكتب المصرية |
||
| 020 | _a9789777220354 | ||
| 040 | _aEG-CaGPL | ||
| 082 | 0 | 4 |
_221 _a658.18\ _bج م |
| 100 | 1 | _aجونز ، ديفد | |
| 245 | 1 | 0 |
_aمن يهتم يفوز لماذا العمل الجيد هو العمل الناجح / _cتاليف ديفيد جونز ؛ ترجمة هبة عجينة |
| 250 | _aط. 1 | ||
| 260 |
_aالقاهرة : _bالمجموعة العربية للتدريب و النشر ، _c2014 . |
||
| 300 |
_a199 ص. : _bايض ؛ _c24 سم . |
||
| 650 | 0 | 4 | _aادارة الاعمال |
| 650 | 0 | 4 |
_aالشركات _xتنظيم و ادارة |
| 650 | 0 | 4 | _aالمسؤلية الادارية |
| 700 | 0 |
_aهبة عجينة _eمترجم |
|
| 942 |
_2ddc _cBK |
||
| 999 |
_c62831 _d62831 |
||